[Event "Koge"]
[Site "Koge"]
[Date "2014.10.14"]
[Round "5.1"]
[White "Baklan, Vladimir"]
[Black "Fier, Alexandr"]
[Result "1/2-1/2"]
[WhiteElo "2656"]
[BlackElo "2589"]
[PlyCount "65"]
[EventDate "2014.??.??"]

1. e4 c5 2. Nf3 e6 3. Nc3 Nc6 4. d4 cxd4 5. Nxd4 Qc7 6. g3 a6 7. Bg2 Nf6 8. O-O
Be7 9. Nce2 O-O 10. c3 Rd8 11. f4 e5 12. fxe5 Nxe5 13. Bg5 Nd5 14. Nf4 Nxc3 15.
Qh5 Bxg5 16. Qxg5 f6 17. Qh4 Nb5 18. Nf5 d5 19. Nxd5 Qc5+ 20. Kh1 Bxf5 21. Rac1
Qd4 22. Ne7+ Kh8 23. Rxf5 h6 24. Rcf1 Kh7 25. Rh5 Nd6 26. Rxf6 Ng4 27. e5 Nf2+
28. Rxf2 Qxf2 29. Be4+ Nxe4 30. Qxe4+ Kh8 31. Ng6+ Kg8 32. Ne7+ Kh8 33. Ng6+
1/2-1/2

[Event "Koge"]
[Site "Koge"]
[Date "2014.10.14"]
[Round "5.2"]
[White "Prohaszka, Peter"]
[Black "Smith, Axel"]
[Result "1-0"]
[WhiteElo "2588"]
[BlackElo "2474"]
[PlyCount "241"]
[EventDate "2014.??.??"]

1. b3 e5 2. Bb2 Nc6 3. e3 Nf6 4. Bb5 Bd6 5. Na3 Na5 6. Be2 a6 7. Nb1 O-O 8. d3
Re8 9. Nd2 Bf8 10. Ngf3 d6 11. O-O c5 12. c4 Nc6 13. Ne4 h6 14. Nfd2 Nh7 15.
Nc3 g6 16. a3 Bg7 17. b4 b6 18. Bf3 Bb7 19. Qa4 Rc8 20. Rab1 Ng5 21. Bd5 Ne6
22. b5 axb5 23. Qxb5 Na7 24. Qb3 Rb8 25. Qa4 Nc8 26. Ba1 Nc7 27. Bxb7 Rxb7 28.
Qc6 Rb8 29. Nb5 Nxb5 30. Qxb5 Ra8 31. Qb3 f5 32. Rbd1 h5 33. d4 e4 34. dxc5
bxc5 35. Bxg7 Kxg7 36. Nb1 Kh6 37. Nc3 Re7 38. Nb5 Rd7 39. Rd2 Na7 40. a4 Nxb5
41. axb5 Qa5 42. Rfd1 Qa3 43. Qc2 Qb4 44. Rb1 Qa4 45. Qc3 Qa5 46. Qxa5 Rxa5 47.
h4 Kg7 48. Kh2 Kf6 49. Kg3 Ra4 50. b6 Ra8 51. Kf4 Rb8 52. Rb5 Ke6 53. Kg5 Rg7
54. Ra2 Rgb7 55. Ra6 Kd7 56. Ra7 Kc6 57. Rxb7 Rxb7 58. Kxg6 d5 59. Kxf5 dxc4
60. Rb1 Rxb6 61. Rxb6+ Kxb6 62. Kxe4 Kb5 63. g4 Kb4 64. gxh5 c3 65. h6 c2 66.
h7 c1=Q 67. h8=Q Qc2+ 68. Kf3 Qd1+ 69. Kf4 Qd6+ 70. Kf3 Qd1+ 71. Ke4 Qc2+ 72.
Kd5 Qd2+ 73. Kc6 c4 74. Qb8+ Ka3 75. Kc5 Qxf2 76. Qb4+ Ka2 77. Qxc4+ Kb2 78.
Qd4+ Kb1 79. Qf4 Qc2+ 80. Kd5 Qb3+ 81. Kd6 Qb6+ 82. Ke7 Qc5+ 83. Kf7 Qd5+ 84.
Kg7 Qd7+ 85. Qf7 Qh3 86. Qg6+ Ka2 87. Qg5 Qd7+ 88. Kh8 Kb1 89. h5 Qe8+ 90. Kg7
Qd7+ 91. Kh6 Qc8 92. Qe5 Qf8+ 93. Kg5 Qd8+ 94. Kf5 Qf8+ 95. Kg4 Kc1 96. e4 Kb1
97. Qf5 Qg7+ 98. Kf4 Qh6+ 99. Kf3 Qc6 100. Kg3 Qc3+ 101. Kg4 Qg7+ 102. Qg6 Qd7+
103. Kg5 Qd8+ 104. Kf5 Qc8+ 105. Qe6 Qf8+ 106. Kg6 Qf3 107. e5 Qg2+ 108. Kf6
Ka1 109. h6 Qf3+ 110. Qf5 Qc6+ 111. e6 Qc2 112. h7 Qc8 113. Kg6 Ka2 114. e7
Qc6+ 115. Kf7 Qc7 116. h8=Q Qc3 117. Qf2+ Kb1 118. Qh1+ Qc1 119. Qxc1+ Kxc1
120. e8=R Kd1 121. Re1# 1-0

[Event "Koge"]
[Site "Koge"]
[Date "2014.10.14"]
[Round "5.3"]
[White "Bekker-Jensen, David"]
[Black "Krasenkow, Michal"]
[Result "0-1"]
[WhiteElo "2289"]
[BlackElo "2631"]
[PlyCount "78"]
[EventDate "2014.??.??"]

1. e4 g6 2. d4 Bg7 3. Nf3 d6 4. Be2 Nf6 5. Nc3 Bg4 6. h3 Bxf3 7. Bxf3 c6 8. Be3
Nbd7 9. a4 a5 10. O-O O-O 11. Be2 e6 12. d5 cxd5 13. exd5 e5 14. Rb1 Rc8 15.
Qd3 Nc5 16. Qb5 Nfd7 17. Bd2 e4 18. Na2 Ra8 19. Nc1 f5 20. Nb3 b6 21. Bc3 Bxc3
22. bxc3 Nxb3 23. Qxb3 Qf6 24. Rfd1 Rac8 25. Rd4 Ne5 26. Qa3 Qd8 27. Rb3 Rc5
28. Qc1 Qc7 29. Qe3 Rb8 30. Kh2 Qg7 31. Rd1 Qf6 32. Rdb1 Rbc8 33. Ba6 Rxc3 34.
Qxb6 Rxb3 35. Rxb3 Rxc2 36. Qa7 Nf7 37. Rb8+ Kg7 38. Bc8 Qe5+ 39. g3 e3 0-1

[Event "Koge"]
[Site "Koge"]
[Date "2014.10.14"]
[Round "5.4"]
[White "Rozentalis, Eduardas"]
[Black "Percivaldi, Martin"]
[Result "1-0"]
[WhiteElo "2600"]
[BlackElo "2324"]
[PlyCount "131"]
[EventDate "2014.??.??"]

1. e4 c5 2. Nf3 e6 3. g3 Nc6 4. Bg2 Nf6 5. d3 d5 6. Nbd2 g6 7. O-O Bg7 8. c3
O-O 9. e5 Nd7 10. d4 cxd4 11. cxd4 f6 12. exf6 Qxf6 13. Nb3 a5 14. Bg5 Qf7 15.
a4 Nb6 16. Nc5 Nc4 17. b3 Nd6 18. Rc1 Nf5 19. Be3 Qf6 20. Bh3 Kh8 21. Bg4 b6
22. Nd3 Ncxd4 23. Nxd4 Nxd4 24. Nf4 e5 25. Nxd5 Bxg4 26. Qxg4 Qd6 27. Nc7 Rac8
28. Bxd4 exd4 29. Nb5 Qd8 30. Rcd1 Qd5 31. Nxd4 Bxd4 32. Qxd4+ Qxd4 33. Rxd4
Rfd8 34. Rxd8+ Rxd8 35. Re1 Rd3 36. Re3 Rd1+ 37. Kg2 Rb1 38. h4 Kg7 39. g4 Kf6
40. Kg3 Rd1 41. Rc3 Kf7 42. Rc7+ Kg8 43. Kf4 Rd4+ 44. Kg5 h6+ 45. Kxh6 Rxg4 46.
f3 Rxh4+ 47. Kxg6 Kf8 48. Rf7+ Ke8 49. Rf5 Rb4 50. Re5+ Kd7 51. Re3 Kd6 52. Kg5
b5 53. axb5 Rxb5+ 54. Kg4 Rd5 55. f4 Rd1 56. f5 Rg1+ 57. Kh5 Rf1 58. Kg6 Kd5
59. f6 Kd4 60. Rg3 Ke5 61. f7 Ke6 62. Re3+ Kd7 63. Kg7 Rg1+ 64. Kf8 Rg5 65.
Rd3+ Kc6 66. Ke7 1-0

[Event "Koge"]
[Site "Koge"]
[Date "2014.10.14"]
[Round "5.5"]
[White "Carstensen, Jacob"]
[Black "Danielsen, Henrik"]
[Result "0-1"]
[WhiteElo "2357"]
[BlackElo "2490"]
[PlyCount "48"]
[EventDate "2014.??.??"]

1. d4 d6 2. e4 Nf6 3. f3 e5 4. d5 Be7 5. Be3 c6 6. c4 a5 7. Nc3 Na6 8. Nge2 Nd7
9. Ng3 Ndc5 10. Be2 O-O 11. O-O Bd7 12. Qd2 a4 13. f4 Qa5 14. fxe5 dxe5 15. Nh5
f6 16. Rf3 Rf7 17. Raf1 a3 18. b3 Bg4 19. Rg3 Bxe2 20. Qxe2 Qxc3 21. Qg4 Kh8
22. d6 Bxd6 23. Bh6 Qd4+ 24. Kh1 g6 0-1

[Event "Asgaard Skole"]
[Site "Asgaard Skole"]
[Date "2014.10.14"]
[Round "5.6"]
[White "Semcesen, Daniel"]
[Black "Adan Bermudez, Sergio"]
[Result "1-0"]
[WhiteElo "2480"]
[BlackElo "2357"]
[PlyCount "101"]
[EventDate "2014.??.??"]
[WhiteTeam "Skanderborg Skakklub"]
[BlackTeam "Skakklubben K41"]

1. c4 Nf6 2. Nc3 e6 3. Nf3 Bb4 4. Qc2 O-O 5. a3 Bxc3 6. Qxc3 b5 7. cxb5 c6 8.
g3 cxb5 9. Bg2 Bb7 10. O-O d6 11. d3 Nbd7 12. Bd2 a5 13. b4 a4 14. Rac1 Qb6 15.
Qd4 e5 16. Qxb6 Nxb6 17. e4 Rfc8 18. Bh3 Nfd7 19. Be3 Rxc1 20. Rxc1 Rc8 21.
Rxc8+ Bxc8 22. Kg2 Bb7 23. Nd2 d5 24. f3 Kf8 25. exd5 Bxd5 26. d4 exd4 27. Bxd4
Be6 28. g4 Nc4 29. Nxc4 Bxc4 30. Kf2 g5 31. f4 f6 32. Ke3 Ke7 33. Bg2 Nf8 34.
fxg5 fxg5 35. Bc5+ Kf7 36. Bxf8 Kxf8 37. Kd4 Be2 38. Kc5 Ke7 39. h3 Kd8 40. Bc6
Bf1 41. Bxb5 Bxh3 42. Be2 Kc7 43. Kb5 h5 44. gxh5 Bd7+ 45. Kc5 g4 46. h6 g3 47.
Bf3 Bf5 48. b5 Bc2 49. b6+ Kd7 50. Kd4 Kd6 51. Ke3 1-0

[Event "Asgaard Skole"]
[Site "Asgaard Skole"]
[Date "2014.10.14"]
[Round "5.7"]
[White "Høi, Carsten"]
[Black "Christensen, Casper"]
[Result "1-0"]
[WhiteElo "2395"]
[BlackElo "1988"]
[PlyCount "57"]
[EventDate "2014.??.??"]
[WhiteTeam "Brønshøj Skakforening"]
[BlackTeam "BMS Skak"]

1. d4 Nf6 2. Nf3 d6 3. c4 g6 4. Nc3 Bg7 5. e4 O-O 6. h3 e5 7. d5 Nh5 8. Bg5 Qe8
9. Qd2 Na6 10. O-O-O f5 11. exf5 gxf5 12. Bh6 Qg6 13. Bxg7 Nxg7 14. g4 Nc5 15.
Nh4 Qf6 16. g5 Qe7 17. Be2 Ne4 18. Nxe4 fxe4 19. Bg4 Rf4 20. Rdg1 e3 21. fxe3
Rxc4+ 22. Kb1 Bxg4 23. hxg4 Qxg5 24. Qe2 Re4 25. Nf5 Re8 26. Nh6+ Kf8 27. Rf1+
Ke7 28. Rf7+ Kd8 29. Qc2 1-0

[Event "Asgaard Skole"]
[Site "Asgaard Skole"]
[Date "2014.10.14"]
[Round "5.9"]
[White "Andersen, Morten"]
[Black "Bojesen, Villads Ussing"]
[Result "1-0"]
[WhiteElo "2115"]
[BlackElo "1838"]
[PlyCount "77"]
[EventDate "2014.??.??"]
[WhiteTeam "Skakforeningen Odysseus"]
[BlackTeam "Skakforeningen ØBRO"]

1. d4 Nf6 2. c4 Nc6 3. Nf3 e6 4. a3 d6 5. g3 g6 6. b4 Bg7 7. Bb2 O-O 8. Bg2 Qe7
9. O-O e5 10. b5 Nxd4 11. Nxd4 exd4 12. Bxd4 Nd7 13. Bxg7 Kxg7 14. Nc3 Nf6 15.
Qd4 Kg8 16. e3 Qe5 17. Rfd1 Bg4 18. Rd2 Qxd4 19. Rxd4 Rab8 20. Rc1 Bd7 21. a4
Be6 22. Nd5 Bxd5 23. cxd5 Ne8 24. Bh3 Rd8 25. a5 b6 26. e4 Kg7 27. Ra4 h5 28.
f3 f5 29. exf5 gxf5 30. axb6 axb6 31. Re1 Rd7 32. Ra8 Nf6 33. Rxf8 Kxf8 34.
Bxf5 Re7 35. Rxe7 Kxe7 36. Be4 Kf7 37. Kf2 Kg7 38. Ke3 h4 39. Kf4 1-0

[Event "Asgaard Skole"]
[Site "Asgaard Skole"]
[Date "2014.10.14"]
[Round "5.10"]
[White "Undheim, Bjarne"]
[Black "Nielsen, Jørgen Løvgren"]
[Result "0-1"]
[WhiteElo "1912"]
[BlackElo "2111"]
[PlyCount "56"]
[EventDate "2014.??.??"]
[BlackTeam "Roskilde Skakklub"]

1. e4 e5 2. Nf3 Nc6 3. Bc4 Nf6 4. d4 exd4 5. e5 d5 6. Bb5 Ne4 7. Nxd4 Bd7 8.
Bxc6 bxc6 9. O-O Bc5 10. Be3 Bb6 11. f3 Ng5 12. f4 Ne4 13. Nd2 Nxd2 14. Qxd2 c5
15. Nb3 d4 16. Bf2 Bc6 17. Kh1 Qd5 18. Bg1 O-O-O 19. Rf3 Qxf3 20. gxf3 Bxf3+
21. Qg2 Bxg2+ 22. Kxg2 Rhe8 23. Nd2 f6 24. Nf3 c4 25. Rd1 d3 26. c3 g5 27. Bxb6
cxb6 28. Nd4 fxe5 0-1

[Event "Asgaard Skole"]
[Site "Asgaard Skole"]
[Date "2014.10.14"]
[Round "5.11"]
[White "Sørensen, Dick"]
[Black "Pedersen, Hans Dahl"]
[Result "1/2-1/2"]
[WhiteElo "1982"]
[BlackElo "2171"]
[PlyCount "67"]
[EventDate "2014.??.??"]
[WhiteTeam "Frederiksberg Skakforening"]
[BlackTeam "Køge Skakklub"]

1. d4 Nf6 2. Nf3 e6 3. g3 b5 4. Bg2 Bb7 5. O-O c5 6. a4 b4 7. e3 Na6 8. c3 Rc8
9. a5 Be7 10. dxc5 Rxc5 11. Qd4 Qa8 12. Nh4 O-O 13. cxb4 Bxg2 14. Nxg2 Rb5 15.
Bd2 Nxb4 16. Bxb4 Rxb4 17. Qd2 Rfb8 18. Ra2 Qd5 19. Qxd5 Nxd5 20. Nc3 Nxc3 21.
bxc3 Rc4 22. Rc1 Rbc8 23. Nf4 d5 24. Ne2 h6 25. Rb1 Bf6 26. a6 Bxc3 27. Rb7
R8c7 28. Nxc3 Rxc3 29. Rab2 Kf8 30. Rxc7 Rxc7 31. Rb7 Re7 32. Rb8+ Re8 33. Rb7
Re7 34. Rb8+ 1/2-1/2

[Event "Asgaard Skole"]
[Site "Asgaard Skole"]
[Date "2014.10.14"]
[Round "5.12"]
[White "Nielsen, Viktor Haarmark"]
[Black "Ahlander, Björn"]
[Result "0-1"]
[WhiteElo "2052"]
[BlackElo "2401"]
[PlyCount "52"]
[EventDate "2014.??.??"]
[WhiteTeam "Skakforeningen ØBRO"]
[BlackTeam "Skakklubben Nordkalotten"]

1. e4 c5 2. Nf3 d6 3. d4 cxd4 4. Nxd4 Nf6 5. Nc3 a6 6. Be3 e5 7. Nb3 Be6 8. Qd2
Be7 9. f3 O-O 10. O-O-O a5 11. a4 Nc6 12. g4 Nb4 13. g5 Nh5 14. h4 Rc8 15. Kb1
Ng3 16. Rg1 Nxf1 17. Rgxf1 b5 18. axb5 a4 19. Nc1 Qa5 20. N3a2 d5 21. exd5 Bf5
22. Nd3 Rxc2 23. Qe1 Bxd3 24. Rxd3 Rxb2+ 25. Kxb2 Nxd3+ 26. Ka1 Nxe1 0-1

[Event "Asgaard Skole"]
[Site "Asgaard Skole"]
[Date "2014.10.14"]
[Round "5.13"]
[White "Akdag, Dara Sevkan"]
[Black "Jacobsen, Mikkel Manosri"]
[Result "1-0"]
[WhiteElo "2193"]
[BlackElo "1944"]
[PlyCount "105"]
[EventDate "2014.??.??"]
[WhiteTeam "BMS Skak"]
[BlackTeam "BMS Skak"]

1. Nf3 Nf6 2. g3 d5 3. Bg2 Bf5 4. c4 e6 5. Qb3 Nc6 6. O-O Rb8 7. d3 Be7 8. cxd5
exd5 9. Nc3 d4 10. Nb5 O-O 11. Qa4 Bc5 12. Bg5 a6 13. Bxf6 Qxf6 14. Nxc7 Qd6
15. Rac1 Bb6 16. Nb5 Qf6 17. Na3 Rfe8 18. Rc2 Be6 19. b4 Bc7 20. b5 axb5 21.
Qxb5 Red8 22. Ng5 Na7 23. Ne4 Qe7 24. Qb2 b5 25. Rfc1 Ba5 26. Nb1 b4 27. Nc5
Nb5 28. Nxe6 Qxe6 29. Rc6 Qe7 30. R1c5 Bc7 31. Bf3 Bd6 32. Rd5 Qf6 33. Nd2 Qe7
34. Nb3 Be5 35. Rdc5 Nc3 36. Na5 Na4 37. Rxe5 Qxe5 38. Nc4 Qg5 {(=)} 39. Qb3
Nc3 40. Kg2 Rf8 41. Rd6 Rfd8 42. h4 Qe7 43. Ra6 Nxe2 44. Na5 Nc3 45. Nc6 Qf8
46. Nxd8 Qxd8 47. Ra7 Qf6 48. Qxb4 Re8 49. a4 h6 50. Rd7 Ne2 51. Qd6 Qf5 52.
Rd8 Nf4+ 53. Qxf4 1-0

[Event "Asgaard Skole"]
[Site "Asgaard Skole"]
[Date "2014.10.14"]
[Round "5.14"]
[White "Karlsson, Ulf"]
[Black "Pedersen, Henrik Dahl"]
[Result "0-1"]
[WhiteElo "2009"]
[BlackElo "2175"]
[PlyCount "84"]
[EventDate "2014.??.??"]
[BlackTeam "Køge Skakklub"]

1. e4 c6 2. d4 d5 3. Nc3 dxe4 4. Nxe4 Bf5 5. Ng3 Bg6 6. h4 h6 7. Nf3 Nd7 8. h5
Bh7 9. Bd3 Bxd3 10. Qxd3 Qc7 11. Bd2 Ngf6 12. O-O-O e6 13. Ne4 Nxe4 14. Qxe4
Nf6 15. Qe2 O-O-O 16. Kb1 Rd5 17. c4 Rxh5 18. Rxh5 Nxh5 19. d5 Bd6 20. Nd4 Nf6
21. dxc6 bxc6 22. Qf3 Rd8 23. Nxc6 Rd7 24. Be3 Bc5 25. Bxc5 Rxd1+ 26. Qxd1 Qxc6
27. Qd4 Qxg2 28. Bxa7 h5 29. Kc1 Qh1+ 30. Kd2 Ne4+ 31. Ke2 Qg2 32. Bb6 Kb7 33.
a4 e5 34. Qd8 Qg4+ 35. f3 Ng3+ 36. Kf2 Nh1+ 37. Kf1 Qxf3+ 38. Kg1 Ka6 39. a5
Ng3 40. Qd5 Ne2+ 41. Kh2 Qg3+ 42. Kh1 Qg1+ 0-1

[Event "Asgaard Skole"]
[Site "Asgaard Skole"]
[Date "2014.10.14"]
[Round "5.15"]
[White "Stojanovski, Sandi"]
[Black "Andersen, Daniel"]
[Result "1-0"]
[WhiteElo "2167"]
[BlackElo "1957"]
[PlyCount "85"]
[EventDate "2014.??.??"]
[WhiteTeam "Skakklubben K41"]
[BlackTeam "Frederikssund Skakklub"]

1. Nf3 Nf6 2. c4 g6 3. Nc3 d5 4. cxd5 Nxd5 5. d3 Bg7 6. Bd2 c5 7. g3 O-O 8. Bg2
Nc6 9. O-O b6 10. Qa4 Bb7 11. Qh4 Nd4 12. Nxd4 cxd4 13. Nb5 Qd7 14. Nxd4 Qa4
15. e3 Bf6 16. Qh6 Bg7 17. Qh3 e5 18. Nb3 Rad8 19. Rfd1 Ba6 20. d4 Nb4 21. Bxb4
Qxb4 22. Qh4 exd4 23. exd4 Bc4 24. d5 Rd6 25. Nd2 b5 26. Ne4 Rb6 27. d6 Qxb2
28. d7 Rbb8 29. Rab1 Qxa2 30. Nf6+ Bxf6 31. Qxf6 Rbd8 32. h4 h5 33. Be4 Kh7 34.
Ra1 Qe2 35. Qe5 a5 36. Rd6 f5 37. Qe7+ Bf7 38. Rf6 Qc4 39. Bc6 a4 40. Rd1 Qb3
41. Rdd6 Qb1+ 42. Kg2 Qe4+ 43. Bxe4 1-0

[Event "Asgaard Skole"]
[Site "Asgaard Skole"]
[Date "2014.10.14"]
[Round "5.16"]
[White "Kokholm, Daniel"]
[Black "Grabow, Pouelsten Holm"]
[Result "0-1"]
[WhiteElo "1899"]
[BlackElo "2124"]
[PlyCount "84"]
[EventDate "2014.??.??"]
[WhiteTeam "Skakklubben K41"]
[BlackTeam "Skakklubben Evans"]

1. e4 e6 2. d4 d5 3. exd5 exd5 4. Bd3 c5 5. c3 cxd4 6. cxd4 Nf6 7. Nf3 Be7 8.
O-O O-O 9. Bg5 Bg4 10. Nbd2 Nc6 11. Qb3 Na5 12. Qa4 a6 13. Rac1 b5 14. Qc2 h6
15. Bf4 Nc4 16. h3 Be6 17. Rfe1 Rc8 18. Qb1 Bb4 19. Re2 Nh5 20. Be5 Nxe5 21.
Rxe5 Rxc1+ 22. Qxc1 Nf4 23. Bf1 Qf6 24. Re3 Rc8 25. Qd1 Qg6 26. Ne5 Qc2 27.
Qxc2 Rxc2 28. Ndf3 Rxb2 29. Rb3 Rxb3 30. axb3 Bc3 31. Nc6 Kf8 32. Kh2 Bc8 33.
g3 Ne6 34. Nfe5 Nxd4 35. Nxd4 Bxd4 36. Nd3 Ke7 37. f4 a5 38. Kg2 Kd6 39. Kf3 a4
40. bxa4 bxa4 41. Nc1 Bf5 42. Ke2 a3 0-1

[Event "Asgaard Skole"]
[Site "Asgaard Skole"]
[Date "2014.10.14"]
[Round "5.17"]
[White "Anghel, Mihai Ursta"]
[Black "Madsen, Michael Ole"]
[Result "1-0"]
[WhiteElo "1835"]
[BlackElo "2071"]
[PlyCount "51"]
[EventDate "2014.??.??"]
[WhiteTeam "Haslev Skakklub"]
[BlackTeam "Allerød Skakklub"]

1. e4 c5 2. Nf3 Nc6 3. d4 cxd4 4. Nxd4 g6 5. Nc3 Bg7 6. Be3 Nf6 7. f3 O-O 8.
Bc4 a5 9. Qd2 d6 10. O-O-O Nxd4 11. Bxd4 Bd7 12. a4 Bc6 13. h4 h5 14. g4 e5 15.
Be3 hxg4 16. h5 Nxh5 17. fxg4 Nf4 18. Bxf4 exf4 19. Qxf4 Qf6 20. Qh2 Qg5+ 21.
Kb1 Rfd8 22. Qh7+ Kf8 23. Bxf7 Qe5 24. Rhf1 Ke7 25. Qxg6 Rf8 26. Rf5 1-0

[Event "Asgaard Skole"]
[Site "Asgaard Skole"]
[Date "2014.10.14"]
[Round "5.18"]
[White "Henriksen, Kasper"]
[Black "Singh, Karamtej"]
[Result "1-0"]
[WhiteElo "2055"]
[BlackElo "1827"]
[PlyCount "57"]
[EventDate "2014.??.??"]
[WhiteTeam "Køge Skakklub"]
[BlackTeam "Skakklubben K41"]

1. d4 Nf6 2. c4 g6 3. Nc3 Bg7 4. e4 d6 5. f3 O-O 6. Be3 e5 7. Nge2 Nc6 8. d5
Ne7 9. g4 c6 10. Qd2 cxd5 11. cxd5 b5 12. Nxb5 Bxg4 13. fxg4 Nxe4 14. Qb4 f5
15. gxf5 gxf5 16. O-O-O Rb8 17. Qa4 Qd7 18. Nbc3 Qb7 19. b3 Rfc8 20. Kb2 Nc5
21. Qa3 f4 22. Bxc5 Rxc5 23. Ne4 Nxd5 24. Nxc5 dxc5 25. Bh3 e4+ 26. Kb1 Ne3 27.
Rd7 Qb5 28. Qxa7 Be5 29. Rg1+ 1-0

[Event "Asgaard Skole"]
[Site "Asgaard Skole"]
[Date "2014.10.14"]
[Round "5.19"]
[White "Nielsen, John Holm"]
[Black "Larsen, Preben R"]
[Result "1-0"]
[WhiteElo "2022"]
[BlackElo "1800"]
[PlyCount "109"]
[EventDate "2014.??.??"]
[WhiteTeam "Enkeltmedlem 1 HK"]
[BlackTeam "Roskilde Skakklub"]

1. Nc3 Nf6 2. d4 d5 3. Bf4 e6 4. a3 Bd6 5. Qd2 c6 6. Nf3 b6 7. Bxd6 Qxd6 8. Qg5
O-O 9. e3 Ba6 10. Bxa6 Nxa6 11. O-O Rac8 12. Ne5 Ne8 13. Qh4 f6 14. Ng4 Rc7 15.
f4 f5 16. Ne5 Rf6 17. Rf3 Rh6 18. Qf2 Nf6 19. h3 Ne4 20. Nxe4 dxe4 21. Rg3 Nb8
22. Rd1 Nd7 23. Qe2 Nf6 24. Rg5 Qe7 25. c4 Qe8 26. b4 Rc8 27. a4 Rd8 28. b5 c5
29. dxc5 bxc5 30. Rd2 Rxd2 31. Qxd2 Qe7 32. Nc6 Qc7 33. a5 Nd7 34. Qc3 Rf6 35.
h4 Rf7 36. Qd2 Kf8 37. Rg3 Ke8 38. Rh3 Nb8 39. Ne5 Re7 40. Kf2 Nd7 41. Nc6 Rf7
42. Rh1 e5 43. g3 Rf6 44. Rd1 exf4 45. gxf4 Rf7 46. Qd5 Nf6 47. Qe6+ Re7 48.
Qxe7+ Qxe7 49. Nxe7 Kxe7 50. b6 axb6 51. axb6 Nd7 52. b7 Nb8 53. Rd5 g6 54.
Rxc5 Kd7 55. Rc8 1-0

[Event "Asgaard Skole"]
[Site "Asgaard Skole"]
[Date "2014.10.14"]
[Round "5.20"]
[White "Schmidt, Horst Hubert"]
[Black "Wang, Peter"]
[Result "1-0"]
[WhiteElo "1764"]
[BlackElo "1877"]
[PlyCount "173"]
[EventDate "2014.??.??"]
[WhiteTeam "Brønshøj Skakforening"]
[BlackTeam "Næstved Skakklub"]

1. e4 d6 2. g3 e5 3. Bg2 Be7 4. Ne2 Nf6 5. d3 Nbd7 6. Nbc3 c6 7. h3 Nf8 8. Be3
Ng6 9. O-O O-O 10. Qd2 Re8 11. Rad1 Qa5 12. Qc1 b5 13. a3 c5 14. Bd2 Qb6 15.
Kh2 a5 16. Bg5 b4 17. Nb1 Bb7 18. f4 exf4 19. gxf4 Nd7 20. Bxe7 Nxe7 21. c3 f5
22. Ng3 Nf6 23. Nd2 Qc7 24. cxb4 axb4 25. axb4 fxe4 26. dxe4 Ba6 27. Rfe1 Rab8
28. bxc5 dxc5 29. Qc3 Red8 30. b3 Rd3 31. Qe5 Qd8 32. Qe6+ Kh8 33. Qxa6 Rxd2
34. Rxd2 Qxd2 35. Rf1 Rxb3 36. e5 Rb2 37. Qa8+ Nfg8 38. f5 Nd5 39. Rg1 c4 40.
f6 gxf6 41. exf6 Ndxf6 42. Rf1 Nd5 43. Rg1 c3 44. Qe8 Qe3 45. Ne4 Qf4+ 46. Kh1
Rb8 47. Qa4 Qe5 48. Qc4 Rb4 49. Qc8 Rxe4 50. Bf3 Ndf6 51. Bxe4 Qxe4+ 52. Kh2 c2
53. Qf8 Qf4+ 54. Kh1 Qc7 55. Qa3 Ne4 56. Qb2+ Nc3 57. Qxc2 Qc6+ 58. Rg2 Qf3 59.
Kh2 Ne4 60. Qb2+ Nef6 61. Qe5 Qd5 62. Qg3 Qd7 63. h4 h5 64. Qe5 Qd5 65. Qb2 Kh7
66. Qc2+ Qe4 67. Qc7+ Qe7 68. Qg3 Ng4+ 69. Kh3 N8f6 70. Qd3+ Kh6 71. Qd2+ Qe3+
72. Qxe3+ Nxe3 73. Ra2 Kg6 74. Ra5 Ned5 75. Kg3 Kf5 76. Kf3 Ke5 77. Kg3 Ke4 78.
Ra4+ Kf5 79. Ra5 Ne4+ 80. Kf3 Ke5 81. Ra8 Ndf6 82. Ra5+ Ke6 83. Kf4 Nd6 84. Ra6
Kf7 85. Rxd6 Ke7 86. Ra6 Kf7 87. Kg5 1-0

[Event "Asgaard Skole"]
[Site "Asgaard Skole"]
[Date "2014.10.14"]
[Round "5.21"]
[White "Pondal, Jesper"]
[Black "Petersen, Rasmus"]
[Result "1/2-1/2"]
[WhiteElo "1960"]
[BlackElo "1627"]
[PlyCount "80"]
[EventDate "2014.??.??"]
[WhiteTeam "Køge Skakklub"]
[BlackTeam "Helsinge Skakklub"]

1. d4 Nf6 2. Bg5 c5 3. Bxf6 gxf6 4. dxc5 Na6 5. e3 Nxc5 6. Nd2 f5 7. Nb3 Bg7 8.
Nxc5 Qa5+ 9. Qd2 Qxc5 10. c3 b6 11. Be2 Bb7 12. Bf3 Bxf3 13. Nxf3 e6 14. O-O d5
15. Rac1 O-O 16. Rfe1 Rac8 17. Qd3 Rc7 18. g4 Qe7 19. gxf5 Rc4 20. Kh1 Kh8 21.
Rg1 Rg8 22. Rg3 Bf6 23. Rxg8+ Kxg8 24. Rg1+ Kh8 25. Nd4 Bxd4 26. exd4 Rc8 27.
Qg3 Qf6 28. fxe6 fxe6 29. f4 Rf8 30. Rg2 b5 31. a3 a5 32. Kg1 a4 33. h4 Qf7 34.
Qg5 Qf6 35. Qe5 Qxe5 36. fxe5 Rg8 37. Kf2 Rxg2+ 38. Kxg2 Kg7 39. Kg3 h5 40. Kf3
Kg6 1/2-1/2

[Event "Asgaard Skole"]
[Site "Asgaard Skole"]
[Date "2014.10.14"]
[Round "5.22"]
[White "Jørgensen, Alexander Torp"]
[Black "Severinsen, Frank"]
[Result "1-0"]
[WhiteElo "1882"]
[BlackElo "1792"]
[PlyCount "107"]
[EventDate "2014.??.??"]
[WhiteTeam "Næstved Skakklub"]
[BlackTeam "Skakklubben K41"]

1. d4 f5 2. c4 Nf6 3. g3 g6 4. Bg2 Bg7 5. Nc3 O-O 6. Nf3 d6 7. O-O Qe8 8. Bf4
a5 9. Qc2 Na6 10. a3 c6 11. Rfe1 Kh8 12. Rad1 Bd7 13. e4 fxe4 14. Nxe4 Nxe4 15.
Qxe4 e5 16. dxe5 Bf5 17. Qe2 dxe5 18. Bxe5 Nc5 19. Nd4 Bxe5 20. Qxe5+ Qxe5 21.
Rxe5 Nd7 22. Re7 Nc5 23. b4 axb4 24. axb4 Nb3 25. Nxb3 Bc2 26. Rdd7 Rfd8 27.
Nc5 Ra1+ 28. Bf1 Rxd7 29. Rxd7 b6 30. Ne6 h6 31. f4 Bf5 32. Rd8+ Kh7 33. Nd4
Bd3 34. Nxc6 Bxf1 35. Kf2 Bxc4 36. Ne5 Bb5 37. Rd5 Ba4 38. Rd6 Ra2+ 39. Kg1
Ra1+ 40. Kg2 Ra2+ 41. Kh3 Bb5 42. Nxg6 Bf1+ 43. Kg4 Rxh2 44. Kf5 Rh5+ 45. Kf6
Bh3 46. Rxb6 Rf5+ 47. Ke7 Rd5 48. Ne5 Bf5 49. Kf6 Bc8 50. Rc6 Rd8 51. Rc7+ Kg8
52. Rg7+ Kf8 53. Ng6+ Ke8 54. Re7# 1-0

[Event "Asgaard Skole"]
[Site "Asgaard Skole"]
[Date "2014.10.14"]
[Round "5.23"]
[White "Møller, Arne Vagn"]
[Black "Tolba, Henri"]
[Result "1/2-1/2"]
[WhiteElo "1871"]
[BlackElo "1698"]
[PlyCount "116"]
[EventDate "2014.??.??"]
[WhiteTeam "Amager Skakforening"]
[BlackTeam "Hvidovre Skakklub"]

1. e4 c5 2. Nf3 Nc6 3. d4 cxd4 4. Nxd4 e5 5. Nb5 a6 6. Nd6+ Bxd6 7. Qxd6 Qf6 8.
Qxf6 Nxf6 9. f3 d5 10. exd5 Nb4 11. Na3 Nbxd5 12. c4 Nc7 13. Be3 Bd7 14. Be2
O-O 15. O-O Rac8 16. Rfd1 Bf5 17. Rd2 Ne6 18. Rad1 Rfd8 19. h4 Rxd2 20. Rxd2 h5
21. b4 Rd8 22. Rxd8+ Nxd8 23. Bg5 Ne6 24. c5 Nxg5 25. hxg5 Nh7 26. Nc4 Be6 27.
a3 Bd5 28. Nxe5 Nxg5 29. c6 b5 30. f4 Ne6 31. Bxh5 Nc7 32. Bf3 f6 33. Bxd5+
Nxd5 34. Nd3 Kf7 35. Nc5 Nc7 36. Kf2 Ke7 37. Nb3 Kd6 38. Nd4 g6 39. g3 Nd5 40.
Kf3 f5 41. g4 Nc3 42. gxf5 gxf5 43. Nxf5+ Kxc6 44. Nd4+ Kd5 45. Nc2 Nb1 {(=)}
46. Ke3 Kc4 47. f5 Nc3 48. Kf4 Nd5+ 49. Ke5 Ne7 50. f6 Ng6+ 51. Kd6 Kb3 52. Kc6
Kxc2 53. Kb6 Kb3 54. Kxa6 Ka4 55. Kb6 Ne5 56. Ka6 Nf7 57. Kb6 Ne5 58. Ka6 Nf7
1/2-1/2

[Event "Asgaard Skole"]
[Site "Asgaard Skole"]
[Date "2014.10.14"]
[Round "5.24"]
[White "Nielsen, Jens Holm"]
[Black "Hansen, Verner"]
[Result "1-0"]
[WhiteElo "1811"]
[BlackElo "1870"]
[PlyCount "133"]
[EventDate "2014.??.??"]
[WhiteTeam "Amager Skakforening"]
[BlackTeam "Espergærde Skakklub"]

1. Nc3 d5 2. e4 d4 3. Nce2 e5 4. Ng3 Nf6 5. Bc4 Nbd7 6. Nf3 Bd6 7. O-O Nb6 8.
Bb3 O-O 9. d3 Be6 10. Bxe6 fxe6 11. c3 c5 12. Qb3 Qd7 13. Bd2 c4 14. dxc4 Rac8
15. c5 Rxc5 16. cxd4 Rb5 17. Qd3 exd4 18. a4 Rxb2 19. e5 Bxe5 20. Nxe5 Qd5 21.
Nf3 e5 22. Rfe1 Re8 23. Ne4 Rb3 24. Nxf6+ gxf6 25. Qf5 Qe6 26. Qxe6+ Rxe6 27.
Nxd4 exd4 28. Rxe6 Kf7 29. Ree1 Nc4 30. Bf4 d3 31. Rab1 Ra3 32. Rxb7+ Kg6 33.
Rxa7 d2 34. Bxd2 Nxd2 35. h3 Nc4 36. Ree7 h5 37. Rg7+ Kf5 38. Rh7 Ne5 39. Rxh5+
Kg6 40. Rhh7 Rxa4 41. Rxa4 Kxh7 42. Ra5 Nc4 43. Rc5 Nd2 44. f3 Kg6 45. Kf2 f5
46. Ke2 Nb3 47. Rc4 Na5 48. Ra4 Nb3 49. Ra6+ Kg5 50. g3 Nc5 51. h4+ Kh5 52. Ra5
Nb3 53. Rxf5+ Kh6 54. Rf6+ Kg7 55. Rd6 Nc5 56. h5 Kh7 57. g4 Kg7 58. g5 Kh7 59.
Ke3 Kg7 60. Kf4 Kh7 61. Kf5 Kg7 62. Rc6 Nd3 63. Rc7+ Kg8 64. Rd7 Nc5 65. Rc7
Nd3 66. h6 Nb4 67. g6 1-0